000 00609nam a2200229Ia 4500
003 OSt
005 20230517144358.0
008 210423s2003 xx 000 0 und d
020 _a978-0-486-43277-9
040 _cAL
041 _aeng
082 _a515.076
_223
_bGINC
100 _aGINZBURG (A)
_9106994
245 _aCalculas: problems and solutions
260 _aNew York
_bDover publications
_c2003
300 _ax,455
_bPB
365 _b1976.7
_cINR
650 _aMathematical Analysis
_9106995
650 _aMathematics
_9106996
906 _aCalculas: ; problems ; solutions
942 _2ddc
_cBK
999 _c166610
_d166610